000 00569nab a22001697a 4500
003 OSt
005 20250430030914.0
008 250404t2005 |||||||| |||| 00| 0 eng d
040 _cJMCFI - Learning Resource Center
082 _aPer. 370.7’051 M689 2004-2006
100 _aZarate, Paz R
_930775
245 _aCaring and developing energy resources /
_cPaz R. Zarate.
260 _aManila :
_bThe Grade School, Inc.,
_c2005.
650 _aEnergy resources.
_916146
773 _g, volume 54, number 7 (December 2005) page 285.
_tThe Modern Teacher
942 _cPER.
_n0
_2lcc
999 _c9460
_d9460